Famille Français à Espagnol - Statistiques

Statistiques générales
  • Ce quiz a été pris 245 fois
    221 depuis la dernière actualisation
  • Le résultat moyen est 19 sur 37
Statistiques - réponses
Hint Réponse % Correct
Mère Madre
98%
Père Padre
98%
Famille Familia
96%
Fille Hija
85%
Fils Hijo
85%
Homme Hombre
84%
Femme Mujer
84%
Parents Padres
82%
Soeur Hermana
81%
Frère Hermano
80%
Grand-père Abuelo
78%
Bébé Bebé
77%
Enfant (fille) Niña
77%
Enfant (garçon) Niño
77%
Tante Tía
77%
Oncle Tío
75%
Grand-parents Abuelos
65%
Adulte Adulto
62%
Cousine Prima
52%
Cousin Primo
52%
Petite amie Novia
48%
Petit ami Novio
48%
Adolescent Adolescente
43%
Femme Esposa
31%
Mari Esposo
30%
Petite-fille Nieta
23%
Petit-fils Nieto
23%
Grand-mère Abuelas
22%
Petits-enfants Nietos
21%
Belle-mère (aliance) Suegra
14%
Beau-père (aliance) Suegro
12%
Beau-frère Cuñado
7%
Demi soeur Hermanastra
7%
Belle-soeur Cuñada
6%
Demi frère Hermanastro
6%
Belle-mère Madrastra
6%
Beau-père Padrastro
5%
Aucun quiz correspondant
Distribution des résultats
% des personnes avec chaque résultat
Percentile par nombre de réponses
Votre historique - résultats
Vous n’avez pas pris ce quiz depuis la dernière actualisation